000 00493nam a2200181Ia 4500
003 OSt
005 20241211134442.0
008 210716s1956 xx 000 0 und d
040 _cAIMIT LIBRARY
041 _aeng
082 _a808.83
_21
_bGOLW
100 _aGolding, William.
_9189932
245 _aPincher martin /
_cBy William Golding
250 _a1st ed.
260 _aNew York :
_bG P Putnams Sons ;
_c1956.
300 _a191p. ;
_bPB
_c17 cm.
942 _2ddc
_cBK
_e1st ed.
_k808.83 GOLD
999 _c200003
_d200003